书目信息 |
| 题名: |
生态信息科学研究导论
|
|
| 作者: | 王让会 著 | |
| 分册: | ||
| 出版信息: | 北京 科学出版社 2011.11 |
|
| 页数: | 11,287页 | |
| 开本: | 24cm | |
| 丛书名: | ||
| 单 册: | ||
| 中图分类: | Q149 | |
| 科图分类: | ||
| 主题词: | 生态学--信息学--研究 | |
| 电子资源: | ||
| ISBN: | 978-7-03-032641-6 | |
| 000 | 01140nam0 2200265 450 | |
| 001 | 351763 | |
| 005 | 20161017162324.45 | |
| 010 | @a978-7-03-032641-6@dCNY58.00 | |
| 100 | @a20111228d2011 em y0chiy50 ea | |
| 101 | 0 | @achi |
| 102 | @aCN@b110000 | |
| 105 | @aa z 000yy | |
| 106 | @ar | |
| 200 | 1 | @a生态信息科学研究导论@f王让会等著 |
| 210 | @a北京@c科学出版社@d2011.11 | |
| 215 | @a11,287页@c图@d24cm | |
| 300 | @a中国气象局干旱气象科学研究基金 上海市气象局科技开发项目 国家林业科技支撑计划 中国科学院知识创新工程重大项目 国家重点基础研究发展计划(973计划) | |
| 312 | @a封面英文题名:Introduction to ecological information science reserach | |
| 330 | @a本书论述生态信息科学的发展现状、学科框架、原理与方法、趋势和动态等问题,从图谱的基本理论与方法以及生态信息图谱的特征等方面探讨生态信息的时空变化规律、信息化时代的城市生态空间布局与规划、信息图谱在城市生态信息表达中的应用等热点内容。 | |
| 510 | 1 | @aIntroduction to ecological information science reserach@zeng |
| 606 | 0 | @a生态学@x信息学@x研究 |
| 690 | @aQ149@v5 | |
| 701 | 0 | @a王让会@f(1963.9~)@4著 |
| 801 | 0 | @aCN@bTANGWEI@c20161009 |
| 905 | @b0896395-9@dQ149@e181@f5 | |
| 生态信息科学研究导论/王让会等著.-北京:科学出版社,2011.11 |
| 11,287页:图;24cm |
| 中国气象局干旱气象科学研究基金 上海市气象局科技开发项目 国家林业科技支撑计划 中国科学院知识创新工程重大项目 国家重点基础研究发展计划(973计划) |
| ISBN 978-7-03-032641-6:CNY58.00 |
| 本书论述生态信息科学的发展现状、学科框架、原理与方法、趋势和动态等问题,从图谱的基本理论与方法以及生态信息图谱的特征等方面探讨生态信息的时空变化规律、信息化时代的城市生态空间布局与规划、信息图谱在城市生态信息表达中的应用等热点内容。 |
| ● |
| 相关链接 |
|
|
|
|
正题名:生态信息科学研究导论
索取号:Q149/181
 
预约/预借
| 序号 | 登录号 | 条形码 | 馆藏地/架位号 | 状态 | 备注 |
| 1 | 0896395 | 208963950 | 第二样本阅览室/ [索取号:Q149/181] | 在馆 | |
| 2 | 0896396 | 208963969 | 第三借阅区/ [索取号:Q149/181] | 在馆 | |
| 3 | 0896397 | 208963978 | 第三借阅区/ [索取号:Q149/181] | 在馆 | |
| 4 | 0896398 | 208963987 | 第三借阅区/ [索取号:Q149/181] | 在馆 | |
| 5 | 0896399 | 208963996 | 第三借阅区/ [索取号:Q149/181] | 在馆 |